| 000 | 01104cam a2200325 a 4500 | ||
|---|---|---|---|
| 999 |
_c174448 _d174448 |
||
| 001 | 12460669 | ||
| 003 | Nust | ||
| 005 | 20180727100123.0 | ||
| 008 | 010703s2002 mau 000 1 eng | ||
| 010 | _a 2001038399 | ||
| 020 |
_a9780752848341 _cRs. 596 |
||
| 038 | _aArshad | ||
| 040 |
_aDLC _cDLC _dDLC |
||
| 043 | _an-us-ca | ||
| 050 | 0 | 0 |
_aPS3553.O51165 _bC5 2002 |
| 082 | 0 | 0 |
_a813.54 _bCON |
| 100 | 1 |
_aConnelly, Michael, _d1956- _912066 |
|
| 245 | 1 | 0 |
_aCity of bones : _ba novel / _cby Michael Connelly. |
| 250 | _a1st ed. | ||
| 260 |
_aBoston : _bLittle, Brown, _c2002. |
||
| 300 |
_a408 p. ; _c24 cm. |
||
| 600 | 1 | 0 |
_aBosch, Harry _vFiction. _912071 |
| 650 | 0 |
_aPolice _zCalifornia _zLos Angeles _vFiction. _912072 |
|
| 650 | 0 |
_aChildren _xCrimes against _vFiction. _912073 |
|
| 651 | 0 |
_aLos Angeles (Calif.) _vFiction. _97582 |
|
| 655 | 7 |
_aMystery fiction. _2gsafd _95621 |
|
| 906 |
_a7 _bcbc _corignew _d1 _eocip _f20 _gy-gencatlg |
||
| 942 |
_2ddc _cBK |
||